| 000 | 00786cam a22002055a 4500 | ||
|---|---|---|---|
| 001 | L155980 | ||
| 008 | 120424s1874 xxk f 000 0 eng d | ||
| 035 | _a(Sirsi) u155980 | ||
| 041 | 0 | _aeng | |
| 100 | 1 |
_aBlount, Thomas _d1618-1679 |
|
| 245 | 0 | 0 |
_aTenures of land & customs of manors _coriginally collected by Thomas Blount and republished with large additions and improvements in 1784 and 1815 |
| 250 |
_aNew ed., entirely re-arranged, carefully corr. and considerably enl. _bby W. Carew Hazlitt |
||
| 260 |
_aLondon _bReeves and Turner _c1874 |
||
| 300 |
_axv, 456 p. _c24 cm. |
||
| 583 |
_aCondition reviewed _c20120620 _lcondition level 1 |
||
| 651 | 4 |
_aGreat Britain _y1707- |
|
| 690 |
_aLandlord and tenant _96252 |
||
| 700 | 1 |
_aHazlitt, William Carew _d1834-1913 |
|
| 942 | _n0 | ||
| 999 |
_c113958 _d113958 |
||